00999nam a22002532a 450000100060000000300080000600500170001400800410003103500510007204000570012304100080018008200180018810000510020624500500025726000780030730000630038549000260044850400510047465100170052583000330054294200120057599900170058795201410060425873BD-RjUL20211209050935.0140319r19511946cauabcf b 001 0 eng d a(BD-RjUL)25943aOCLC ocm00411730 from D950508M aCalifornia. Univ. Libr.cWSUdOCLdEQOdBD-RjULbeng aeng00a951bCHI 19511 aMacNair, Harley Farnsworth,d1891-1947.97949810aChina /cedited by Harley Farnsworth MacNair. aBerkeley and Los Angeles :bUniversity of California press,c1946 [1951]. axxix, 573 p. :billus. (incl. maps) plates, ports.c23 cm.1 aUnited Nations series aIncludes bibliographical references and index. 0aChina979499 0aUnited Nations series979507 2ddccBK c25873d25873 00102ddc40728NFICaRUCLbRUCLcReadingd1955-09-07eB.H Black well.g2.95l0o951 CHI 1951r2014-03-19 00:00:00tC-1w2014-03-19yBK